Erfolgreichsten Michael Jackson Songs - Statistiken

Allgemein
  • Dieses Quiz wurde 429 mal gespielt
  • Das Durchschnittsergebnis liegt bei 3 aus 10
Antwortstatistiken
Platz In den Charts Auf Platz 1 Songname % Korrekt
#1 24 Wochen 7 Wochen Billie Jean
84%
#7 25 Wochen 3 Wochen Beat It
74%
#9 14 Wochen 2 Wochen Bad
56%
#2 20 Wochen 7 Wochen Black or White
41%
#8 17 Wochen 2 Wochen Man In The Mirror
35%
#5 24 Wochen 4 Wochen Rock With You
26%
#6 18 Wochen 4 Wochen We Are The World
16%
#10 21 Wochen 1 Woche Don‘t Stop ‘Til You Get Enough
8%
#3 22 Wochen 6 Wochen Say, Say, Say
5%
#4 16 Wochen 5 Wochen I‘ll Be There
1%
Keine übereinstimmenden Quizze gefunden
Verteilung der Resultate
Anzahl Personen mit jedem Resultat
Perzentil nach korrekt beantworteten Fragen
Ihre Resultats-Entwicklung
Sie haben dieses Quiz noch nicht gespielt